000 01026nam a2200265Ia 4500
003 GCL
008 140319s9999 xx 000 0 ara d
040 _aGCL /
_cGCL
082 0 4 _a668.55
_bج م
100 1 _aجعفر طه الهاشمى
245 1 0 _aالمرجع الاساسى فى صناعة المواد التجميلية /
_cجعفر طه الهاشمى
250 _aالاولى
260 _aسوريا :
_bدار الصفدى للطباعة والنشر ،
_c1995
300 _a623 ص ؛
_c24 سم
650 0 4 _aالشعر - رعاية وعلاج
650 0 4 _aالشعر - صبغ
650 0 4 _aالاظافر - رعاية وتهذيب العطور
650 0 4 _aمستحضرات التجميل - صناعة وتجميل
650 0 4 _aالشعر - إزالة
650 0 4 _aالحلاقة - مستحضرات التجميل
650 0 4 _aالشعر - تصفيف
650 0 4 _aالشعر - مستحضرات التجميل
650 0 4 _aمساحيق مستحضرات التجميل
942 _2ddc
_cBK
999 _c6410
_d6410